000 00648nam a22002057a 4500
005 20230712101936.0
040 _curs
050 _aTX 335 L69 1997
100 _95458
_aLowe, Ross E.
_eauthor
245 _aConsumer education and economics
_cRoss E. Lowe, Charles A. Malouf, Annette R. Jacobson
250 _aFourth edition
260 _aNew York
_bGlencoe McGraw-Hill
_c1997
336 _2rdacontent
_atext
_btxt
337 _2rdamedia
_aunmediated
_bn
338 _2rdacarrier
_avolume
_bnc
650 0 _95459
_aConsumer education
700 _95460
_aMalouf, Charles A.
_eauthor
700 _95461
_aJacobson, Annette R.
_eauthor
942 _2lcc
_cFR
999 _c69585
_d69584